<?xml version="1.0" encoding="UTF-8"?>
<record
    xmlns:xsi="http://www.w3.org/2001/XMLSchema-instance"
    xsi:schemaLocation="http://www.loc.gov/MARC21/slim http://www.loc.gov/standards/marcxml/schema/MARC21slim.xsd"
    xmlns="http://www.loc.gov/MARC21/slim">

  <leader>00810nab a2200217uuc4500</leader>
  <controlfield tag="001">967246</controlfield>
  <controlfield tag="005">20240201202638.0</controlfield>
  <controlfield tag="008">060315e20051231                    spa  </controlfield>
  <datafield tag="035" ind1=" " ind2=" ">
    <subfield code="a">967246</subfield>
  </datafield>
  <datafield tag="035" ind1=" " ind2=" ">
    <subfield code="a">(OCoLC)820346122</subfield>
  </datafield>
  <datafield tag="040" ind1=" " ind2=" ">
    <subfield code="c">comduadb</subfield>
  </datafield>
  <datafield tag="041" ind1=" " ind2=" ">
    <subfield code="a">spa</subfield>
  </datafield>
  <datafield tag="100" ind1="1" ind2="0">
    <subfield code="a">Canton, Cesar G.</subfield>
    <subfield code="4">aut</subfield>
    <subfield code="e">aut</subfield>
    <subfield code="9">418784</subfield>
  </datafield>
  <datafield tag="245" ind1="1" ind2="0">
    <subfield code="a">Blumenberg versus Heidegger : la metaforologia como destino del analisis existencial</subfield>
  </datafield>
  <datafield tag="650" ind1=" " ind2=" ">
    <subfield code="a">Blumenberg, Hans, 1920-1996 - Cr&#xED;tica e interpretaci&#xF3;n</subfield>
    <subfield code="9">153379</subfield>
  </datafield>
  <datafield tag="650" ind1=" " ind2=" ">
    <subfield code="a">Heidegger, Martin, 1889-1976 - Cr&#xED;tica e interpretaci&#xF3;n</subfield>
    <subfield code="9">72536</subfield>
  </datafield>
  <datafield tag="650" ind1=" " ind2=" ">
    <subfield code="a">Metaforolog&#xED;a</subfield>
    <subfield code="9">156049</subfield>
  </datafield>
  <datafield tag="650" ind1=" " ind2=" ">
    <subfield code="a">An&#xE1;lisis existencial</subfield>
    <subfield code="9">156050</subfield>
  </datafield>
  <datafield tag="773" ind1="0" ind2=" ">
    <subfield code="t">Anuario Filos&#xF3;fico (Pamplona)</subfield>
    <subfield code="g">Volumen 38, N&#xFA;mero 03, Diciembre 2005, p. 725-746</subfield>
    <subfield code="w">9115</subfield>
    <subfield code="x">0066-5215</subfield>
    <subfield code="0">4104</subfield>
  </datafield>
  <datafield tag="942" ind1=" " ind2=" ">
    <subfield code="c">ARIMP</subfield>
  </datafield>
  <datafield tag="999" ind1=" " ind2=" ">
    <subfield code="c">376885</subfield>
    <subfield code="d">376885</subfield>
  </datafield>
</record>
